|
|
|
|
| LEADER |
00000nam0a2200000 4500 |
| 001 |
66448 |
| 005 |
20231031072017.0 |
| 035 |
|
|
|a (RuTPU)RU\TPU\book\70631
|
| 035 |
|
|
|a RU\TPU\book\45743
|
| 090 |
|
|
|a 66448
|
| 100 |
|
|
|a 20040820d1969 m y0rusy50 ca
|
| 101 |
0 |
|
|a rus
|
| 102 |
|
|
|a RU
|
| 105 |
|
|
|a a j 000zy
|
| 200 |
1 |
|
|a Курс месторождений неметаллических полезных ископаемых
|e учебное пособие
|f Под ред. П. М. Татаринова
|
| 210 |
|
|
|a Москва
|c Недра
|d 1969
|
| 215 |
|
|
|a 472 с.
|c ил.
|
| 610 |
1 |
|
|a месторождения
|
| 610 |
1 |
|
|a полезные ископаемые
|
| 610 |
1 |
|
|a учебные пособия
|
| 675 |
|
|
|a 553(075.8)
|v 3
|
| 702 |
|
1 |
|a Татаринов
|b П. М.
|g Павел Михайлович
|4 340
|
| 801 |
|
1 |
|a RU
|b 63413507
|c 20021104
|g PSBO
|
| 801 |
|
2 |
|a RU
|b 63413507
|c 20171215
|g PSBO
|
| 900 |
|
|
|a Месторождения полезных ископаемых
|
| 942 |
|
|
|c BK
|
| 952 |
|
|
|a 553200
|b 080700
|b 080400
|